00458nam a2200181Ia 4500008004100000020001400041245003700055245004700092260001500139260001600154260000900170300001500179300002500194300001000219440002000229500000800249999001900257170705s9999 xx 000 0 und d a590059467 aHorrible Harry and the dungeon / cSuzy Kline ; pictures by Frank Remkiewicz. aNew York : bScholastic, c1996 a56 pages : bcolor illustration ; c20cm. aHorrible Harry. a430 c335826d335826